Progreso económico y social en América Latina : tema especial : desarrollo agropecuario /

Edición 1986 del informe Progreso Económico y Social en América Latina, publicado anualmente desde 1961 por el Banco Interamericano de Desarrollo (BID) y que a partir de 1982 incluyó una sección temática especial. El tema especial en esta ocasión es el proceso de cambio estructural del sector agrope...

Descripció completa

Guardat en:
Dades bibliogràfiques
Autor corporatiu: Banco Interamericano de Desarrollo
Altres autors: Elac, John C. (coordinación) (coordinación)
Format: Llibre
Idioma:espanyol
Matèries:
Etiquetes: Afegir etiqueta
Sense etiquetes, Sigues el primer a etiquetar aquest registre!

MARC

LEADER 00000nam^a2200000^a^4500
001 000146109
005 20250521000000.0
009 20260310095900.916
022 |a 0253-6013 
037 |a Acervo ITESO - Biblioteca 
041 |a ESP 
082 |a 330. 980  |b BAN 1986 
110 |a Banco Interamericano de Desarrollo 
240 1 1 |a [Progreso económico y social en América Latina] 
245 1 0 |a Progreso económico y social en América Latina :  |b tema especial : desarrollo agropecuario /  |c Coord. de J.C. Elac ; pref. de Miguel Urrutia. 
264 |a Washington, EUA :  |b Banco Interamericano de Desarrollo,  |c fecha no identificada 
300 |a 466 p. 
336 |a texto  |b txt  |2 rdacontenido 
337 |a sin mediación  |b n  |2 rdamedio 
338 |a volumen  |b nc  |2 rdasoporte 
520 |a Edición 1986 del informe Progreso Económico y Social en América Latina, publicado anualmente desde 1961 por el Banco Interamericano de Desarrollo (BID) y que a partir de 1982 incluyó una sección temática especial. El tema especial en esta ocasión es el proceso de cambio estructural del sector agropecuario en Latinoamérica. El estudio muestra un balance favorable a la agricultura latinoamericana en los 25 años anteriores y un potencial prometedor, pero cuya realización depende de políticas económicas y acciones -fuera del sector- tanto a nivel nacional como internacional. El resto de la publicación está formada por trabajos sobre las tendencias generales del desarrollo en la región (contexto internacional, financiamiento del desarrollo, inversión e integración económica); análisis de la evolución reciente de las economías latinoamericanas (tendencias, prospectivas y políticas) e información estadística. 
649 |a XX 
650 |a Banco Interamericano de Desarrollo -  |x Informes 
650 |a Banco Interamericano de Desarrollo -  |x Anuarios 
650 |a Banca de Desarrollo -  |z Latinoamérica -  |x Informes 
650 |a Banca de Desarrollo -  |z Latinoamérica -  |x Anuarios 
650 |a Agricultura -  |z Latinoamérica 
650 |a Prospectiva Económica -  |z Latinoamérica 
650 |a Política Económica -  |z Latinoamérica 
650 |a Desarrollo Rural -  |z Latinoamérica 
650 |a Desarrollo Económico-Social -  |z Latinoamérica -  |x Informes 
650 |a Desarrollo Económico-Social -  |z Latinoamérica -  |x Anuarios 
650 |a Desarrollo Económico-Social -  |z Latinoamérica -  |x Historia 
650 |a Economía -  |z Latinoamérica -  |x Informes 
650 |a Economía -  |z Latinoamérica -  |x Anuarios 
650 |a Economía -  |z Latinoamérica -  |x Estadísticas 
650 |a Economía -  |z Latinoamérica -  |x Historia -  |y 1980-1989 
650 |a Economía -  |z Latinoamérica -  |x Historia -  |y Siglo XX 
650 |a Latinoamérica -  |x Condiciones Económicas 
650 |a Anuarios 
700 |a Elac, John C.  |e (coordinación) 
910 |a Fondo General 
920 |a Impresos - Libros 
930 |a Colección General 
905 |a 101 
901 |a 0500075418  |b IT1  |c ACC  |u 20250521 
902 |a https://opac.biblio.iteso.mx/vufind/Record/000146109